One Piece: Le top 20 du 6e sondage de popularité - Statistiques

Statistiques générales
  • Ce quiz a été pris 1 476 fois
  • Le résultat moyen est 16 sur 21
Statistiques - réponses
# Personnages % Correct
1 Monkey D. Luffy
100%
2 Roronoa Zoro
100%
8 Nami
99%
3 Sanji
99%
12 Nico Robin
97%
20 Franky
94%
7 Tony Tony Chopper
94%
19 Brook
93%
11 Shanks
92%
5 Portgas D. Ace
90%
15 Usopp
90%
4 Trafalgar Law
85%
9 Sabo
83%
6 Jinbe
82%
17 Donquixote Doflamingo
80%
18 Crocodile
64%
10 Boa Hancock
58%
20 Marco
47%
16 Donquixote Rosinante
35%
13 Cavendish
18%
14 Vinsmoke Reiju
11%
Aucun quiz correspondant
Distribution des résultats
% des personnes avec chaque résultat
Percentile par nombre de réponses
Votre historique - résultats
Vous n’avez pas pris ce quiz